| 000 | 00899cam a22002894a 4500 | ||
|---|---|---|---|
| 001 | 15323849 | ||
| 005 | 20180110075421.0 | ||
| 008 | 080610s2009 njua b 001 0 eng | ||
| 010 | _a 2008025785 | ||
| 015 |
_aGBA882509 _2bnb |
||
| 016 | 7 |
_a014656199 _2Uk |
|
| 020 | _a9780135048818 | ||
| 020 | _a0135048818 | ||
| 035 | _a(OCoLC)ocn216941260 | ||
| 035 | _a(OCoLC)216941260 | ||
| 040 |
_aDLC _cDLC _dBTCTA _dBAKER _dUKM _dYDXCP _dC#P _dBWX _dDLC |
||
| 041 | _aeng | ||
| 080 | _a629.89 REH | ||
| 082 | 0 | 0 |
_a629.89 REH _222 |
| 100 | 1 | _a54 | |
| 101 | _aMO | ||
| 245 | 1 | 0 |
_aProgrammable logic controllers / _cJames A. Rehg, Glenn J. Sartori. |
| 504 | _aIncludes bibliographical references and index. | ||
| 906 |
_a7 _bcbc _corignew _d1 _eecip _f20 _gy-gencatlg |
||
| 942 |
_2ddc _cBK |
||
| 999 |
_c40016 _d40016 |
||